| 000 | 01027nam a22002777a 4500 | ||
|---|---|---|---|
| 001 | BRCA_9345 | ||
| 003 | FranzMayer | ||
| 005 | 20230918121329.0 | ||
| 008 | 230825b |||||||| |||| 00| 0 eng d | ||
| 040 |
_aMFM _bespañol _cMFM |
||
| 050 | 0 |
_aN15.I8 _bC66 1998 |
|
| 110 | 1 |
_4Responsable _aCentro Legno Arredo Cantu _bGalleria del Design e dell'Arredamento Cantu _929240 |
|
| 240 |
_aDiseño italiano _lespañol |
||
| 245 | 0 | _aDiseño italiano | |
| 260 |
_aItalia _bCentro Legno Arredo Cantu _c1998 |
||
| 300 |
_a231 p _bIlustraciones a color _c23 cm |
||
| 500 | _aAnexo 1 | ||
| 500 | _aEl libro no cuenta con ISBN | ||
| 505 | _aTexto en: españolIncluye bibliografía: 231 pIncluye índice temático Dirigido a: artistas | ||
| 650 | 1 |
_2Artes visuales _aArtes de países particulares _vItalia _929241 |
|
| 651 | 2 |
_2Diseño europeo _aDiseño italiano _929242 |
|
| 700 | 1 |
_4Curador _aRizzi, Roberto _929243 |
|
| 700 | 1 |
_4Curador _aSteiner, Anna _929244 |
|
| 700 | 1 |
_4Curador _aOrigoni, Franco _929245 |
|
| 942 |
_2lcc _cB |
||
| 999 |
_c10967 _d10967 |
||